[Event "Santo Domingo Autumn op"]
[Site "Santo Domingo"]
[Date "2016.10.07"]
[Round "6"]
[White "Velez Espiritusantos, Brunildo E"]
[Black "Duran Lantigua, Enrrique Alfredo"]
[Result "1-0"]
[WhiteElo "2010"]
[BlackElo "1883"]
[PlyCount "61"]
[EventDate "2016.10.07"]
[EventType "swiss"]
[EventRounds "8"]
[EventCountry "DOM"]
[SourceTitle "CBM 175 Extra"]
[Source "ChessBase"]
[SourceDate "2016.12.12"]
[SourceVersion "1"]
[SourceVersionDate "2016.12.12"]
[SourceQuality "1"]

1. d4 Nf6 2. c4 e6 3. a3 d5 4. Nc3 Be7 5. Nf3 0-0 6. Bf4 b6 7. e3 Bb7 8. Be2 Nbd7 9. h3 c5 10. 0-0 Rc8 11. cxd5 Nxd5 12. Nxd5 exd5 13. dxc5 bxc5 14. Qd2 Nf6 15. Rfd1 Ne4 16. Qc2 Qb6 17. Bd3 c4 18. Bxe4 dxe4 19. Ne5 Qe6 20. Rac1 c3 21. bxc3 Bxa3 22. Rb1 Ba6 23. Ra1 Bc5 24. Nd7 Bd3 25. Qa4 Rfd8 26. Nxc5 Rxc5 27. Qxa7 Rxc3 28. Rdc1 Qc8 29. Rxc3 Qxc3 30. Bg3 h6 31. Kh2 1-0

[Event "Santo Domingo op U2100 2nd"]
[Site "Santo Domingo"]
[Date "2015.06.28"]
[Round "7"]
[White "De Los Santos Nunez, Eddy"]
[Black "Duran Lantigua, Enrrique Alfredo"]
[Result "1-0"]
[WhiteElo "2064"]
[BlackElo "1843"]
[PlyCount "71"]
[EventDate "2015.06.19"]
[EventType "swiss"]
[EventRounds "8"]
[EventCountry "DOM"]
[SourceTitle "CBM 167 Extra"]
[Source "ChessBase"]
[SourceDate "2015.09.14"]
[SourceVersion "1"]
[SourceVersionDate "2015.09.14"]
[SourceQuality "1"]

1. Nf3 Nf6 2. g3 d5 3. Bg2 c5 4. 0-0 Nc6 5. d4 e6 6. c4 dxc4 7. Qa4 Bd7 8. Qxc4 cxd4 9. Nxd4 Rc8 10. Nc3 Qb6 11. Nxc6 Bxc6 12. Be3 Qb4 13. Qxb4 Bxb4 14. Bxa7 Bxg2 15. Kxg2 Bxc3 16. bxc3 Rxc3 17. Rfc1 Rxc1 18. Rxc1 Kd7 19. Bd4 Ra8 20. Rb1 Kc6 21. Rb6+ Kc7 22. Rb2 Ra6 23. Be5+ Kc8 24. Rc2+ Rc6 25. Rxc6+ bxc6 26. Bxf6 gxf6 27. Kf3 Kb7 28. Ke4 Kb6 29. Kd4 Kb5 30. Kc3 c5 31. a4+ Kxa4 32. Kc4 e5 33. e4 h5 34. h4 Ka3 35. Kxc5 Kb3 36. g4 1-0

[Event "Santo Domingo op U2100 2nd"]
[Site "Santo Domingo"]
[Date "2015.06.27"]
[Round "6"]
[White "Jaquez, Juan Manuel"]
[Black "Duran Lantigua, Enrrique Alfredo"]
[Result "0-1"]
[WhiteElo "2060"]
[BlackElo "1843"]
[PlyCount "58"]
[EventDate "2015.06.19"]
[EventType "swiss"]
[EventRounds "8"]
[EventCountry "DOM"]
[SourceTitle "CBM 167 Extra"]
[Source "ChessBase"]
[SourceDate "2015.09.14"]
[SourceVersion "1"]
[SourceVersionDate "2015.09.14"]
[SourceQuality "1"]

1. e4 c5 2. Nf3 d6 3. d4 cxd4 4. Nxd4 Nf6 5. Nc3 a6 6. Bg5 Qb6 7. Qd2 Nc6 8. Nb3 e6 9. 0-0-0 Bd7 10. f3 Rc8 11. Kb1 Be7 12. Be2 Qc7 13. f4 b5 14. Bf3 b4 15. Ne2 a5 16. Rhe1 a4 17. Nbd4 Nxd4 18. Nxd4 h6 19. Bxf6 Bxf6 20. Re2 g6 21. Rf2 0-0 22. g3 Qb6 23. Rg2 Rc4 24. Ne2 Rfc8 25. Rc1 b3 26. e5 bxc2+ 27. Ka1 dxe5 28. Qxd7 e4 29. Nc3 Rxc3 0-1